Statistics for Ближайшие к Москве столицы мира

Click here to take the quiz!

General Stats

  • This quiz has been taken 255 times
  • The average score is 14 of 20

Answer Stats

кмстолица% Correct
758Киев
100%
676Минск
97%
893Хельсинки
85%
1153Варшава
83%
1610Берлин
83%
843Рига
79%
1645Осло
76%
781Вильнюс
74%
868Таллин
74%
1669Прага
70%
1228Стокгольм
69%
1501Бухарест
63%
1571Будапешт
62%
1776София
60%
1144Кишинёв
59%
1672Вена
54%
1647Тбилиси
52%
1715Белград
51%
1562Копенгаген
47%
1633Братислава
46%

Score Distribution

Percentile by Number Answered

Percent of People with Each Score

Your Score History

You have not taken this quiz